| 000 | 00534nam a22001697a 4500 | ||
|---|---|---|---|
| 999 |
_c165551 _d165551 |
||
| 005 | 20190621155010.0 | ||
| 010 | _aENG-125710 | ||
| 020 |
_a9789383848263 _c295.00 |
||
| 035 | _aEN-109242 | ||
| 037 | _bDBAD/PUB | ||
| 082 | _a381.142 | ||
| 245 |
_aE-commerce / _ced.by Shruti Mathur |
||
| 260 |
_aNew Delhi _bPinnacle Learning _c2016 |
||
| 270 |
_a24, D.D.A. Shopping Complex _bBer Sarai, New Delhi _e110016 _k9811592500 _mpinnaclebooks1@gmail.com |
||
| 300 |
_a262p.. _c24cm(pbk) |
||
| 942 |
_2ddc _cEN _h381.140 _mECO |
||